Which TWD character is hiding behind those eyes - Statistics

General Stats
  • This quiz has been taken 29 times
  • The average score is 13 of 20
Answer Stats
Picture Answer % Correct
Carol
89%
Judith
85%
Michonne
85%
Rick
85%
Hershel
81%
Merle
81%
Sasha
81%
Negan
74%
Rosita
70%
Tara
70%
Alpha
63%
Eugene
63%
Gabriel
63%
Morgan
63%
Aaron
52%
Jesus
44%
Gregory
41%
Jadis
37%
Magna
33%
Kelly
26%
No matching quizzes found
Score Distribution
Percent of People with Each Score
Percentile by Number Answered
Your Score History
You have not taken this quiz